| 000 | 00681nam a2200229 a 4500 | ||
|---|---|---|---|
| 005 | 20240911064103.0 | ||
| 008 | 041207s1994 mx r 000 0 spa d | ||
| 020 | _a9506412138 | ||
| 035 | _aUPN01000136907 | ||
| 049 | _aCG | ||
| 050 | 4 |
_aHD58.8 _bS4.2 |
|
| 100 | 1 | _aSérieyx, Hervé | |
| 245 | 1 | 3 |
_aEl big bang de las organizaciones / _cHervé Sérieyx ; tr. Martha Lanteri. |
| 260 |
_aBuenos Aires : _bGranica, _cc1994. |
||
| 300 | _a435 p. | ||
| 440 | 0 | _aManagement | |
| 534 |
_pTraducción de: _tLe big bag des organisations |
||
| 650 | 4 |
_aCambio organizacional _94984 |
|
| 650 | 4 |
_aCambio social _94887 |
|
| 651 | 4 |
_aFRANCIA - _xPOLITICA SOCIAL _94475 |
|
| 905 | _aLibro | ||
| 999 |
_c109058 _d109058 |
||